[Event "M.Botvinnik Memorial 2012"]
[Site "St. Petersburg, Russia"]
[Date "2012.08.28"]
[Round "4.7"]
[White "Yevseev, Denis"]
[Black "Inarkiev, Ernesto"]
[Result "1-0"]
[WhiteElo "2535"]
[BlackElo "2683"]
[PlyCount "127"]
[EventDate "2012.08.25"]

1. Nf3 d5 2. d4 Nf6 3. c4 c6 4. e3 Bg4 5. Qb3 Qb6 6. Nc3 e6 7. Nh4 Be7 8. h3
Bh5 9. g4 Bg6 10. Nxg6 hxg6 11. Bg2 g5 12. Bd2 Nbd7 13. O-O-O a5 14. Qxb6 Nxb6
15. c5 Nbd7 16. e4 dxe4 17. Bxg5 Nxg4 18. Bxe7 Nxf2 19. Bd6 f5 20. Rhg1 Nxd1
21. Nxd1 a4 22. Bf1 Kf7 23. Ne3 b5 24. cxb6 Nxb6 25. Be5 Rag8 26. Kd2 Rh5 27.
Bg2 Nd5 28. Rc1 Rg5 29. Bf1 Rg1 30. Ke2 Ne7 31. Kf2 Rg5 32. Rc4 Ra8 33. Rb4 Ra7
34. Nc4 Nd5 35. Rb8 a3 36. b3 Kg6 37. Be2 f4 38. Bg4 Rxg4 39. hxg4 Kg5 40. Nd6
Nc3 41. Rf8 e3+ 42. Kf3 Nxa2 43. Bxf4+ Kg6 44. Nc4 e2 45. Ne5+ Kh7 46. g5 g6
47. Nd3 Kg7 48. Rb8 Kf7 49. Bd2 e5 50. dxe5 Ke6 51. Kxe2 Kf5 52. Rf8+ Ke4 53.
Rf4+ Kd5 54. Rc4 Rb7 55. Rc2 Rxb3 56. Rxa2 c5 57. Nc1 Rh3 58. Be3 Rh2+ 59. Bf2
Kxe5 60. Rxa3 Rg2 61. Ra5 Rxg5 62. Rxc5+ Kf4 63. Be3+ Ke4 64. Bxg5 1-0

[Event "M.Botvinnik Memorial 2012"]
[Site "St. Petersburg, Russia"]
[Date "2012.08.28"]
[Round "4.8"]
[White "Dvoirys, Semen I"]
[Black "Tiviakov, Sergei"]
[Result "1-0"]
[WhiteElo "2533"]
[BlackElo "2674"]
[PlyCount "125"]
[EventDate "2012.08.25"]

1. e4 c6 2. Nc3 d5 3. Nf3 Bg4 4. d3 e6 5. Be2 Nf6 6. Ng5 Bxe2 7. Qxe2 h6 8. Nf3
Be7 9. O-O c5 10. Ne5 d4 11. Nd1 Nfd7 12. Nc4 Nc6 13. f4 b5 14. Nd2 e5 15. Nf3
Bd6 16. Nf2 Qc7 17. Ng4 a6 18. f5 Be7 19. Bd2 Rb8 20. Qe1 a5 21. c3 dxc3 22.
Bxc3 Qd6 23. Rd1 a4 24. Qg3 Bf6 25. Kh1 Nd4 26. Nxd4 cxd4 27. Bd2 a3 28. Rb1 b4
29. Nxf6+ Qxf6 30. bxa3 bxa3 31. Bb4 g6 32. Bxa3 Rxb1 33. Rxb1 gxf5 34. Qe1
fxe4 35. Rc1 Kd8 36. Qa5+ Qb6 37. Qa8+ Qb8 38. Qxe4 Re8 39. Qh4+ f6 40. Qxh6
Qa8 41. Bd6 Qxa2 42. Qh5 Rg8 43. Qf3 Ke8 44. h3 Kf7 45. Rc7 Ke6 46. Rc6 Kf7 47.
Bxe5 Qxg2+ 48. Qxg2 Rxg2 49. Rxf6+ Nxf6 50. Kxg2 Nd5 51. Kf3 Ke6 52. Ke4 Ne7
53. Bxd4 Nf5 54. Bf2 Ne7 55. h4 Ng8 56. d4 Nf6+ 57. Kf4 Nd5+ 58. Kg5 Nf6 59.
Kg6 Nd5 60. Bg3 Ne7+ 61. Kg5 Nd5 62. h5 Nf6 63. Be5 1-0

[Event "M.Botvinnik Memorial 2012"]
[Site "St. Petersburg, Russia"]
[Date "2012.08.28"]
[Round "4.9"]
[White "Matlakov, Maxim"]
[Black "Yakovich, Yuri"]
[Result "1/2-1/2"]
[WhiteElo "2663"]
[BlackElo "2525"]
[PlyCount "48"]
[EventDate "2012.08.25"]

1. d4 d5 2. Nf3 Nf6 3. c4 dxc4 4. e3 e6 5. Bxc4 c5 6. O-O a6 7. Bb3 cxd4 8.
exd4 Nc6 9. Nc3 Be7 10. Re1 O-O 11. Bg5 b5 12. Qd2 Na5 13. Bc2 Bb7 14. Ne5 Rc8
15. a3 Nc4 16. Nxc4 Rxc4 17. Rad1 Rc7 18. Re3 Nd5 19. Rh3 Bxg5 20. Bxh7+ Kh8
21. Bb1+ Kg8 22. Bh7+ Kh8 23. Bb1+ Kg8 24. Bh7+ Kh8 1/2-1/2

[Event "M.Botvinnik Memorial 2012"]
[Site "St. Petersburg, Russia"]
[Date "2012.08.28"]
[Round "4.10"]
[White "Goganov, Aleksey"]
[Black "Timofeev, Artyom"]
[Result "1-0"]
[WhiteElo "2525"]
[BlackElo "2639"]
[PlyCount "123"]
[EventDate "2012.08.25"]

1. Nf3 c5 2. e4 d6 3. d4 cxd4 4. Nxd4 Nf6 5. Nc3 e6 6. g4 h6 7. h3 a6 8. Bg2 g5
9. Nde2 Nc6 10. f4 Rg8 11. Rf1 Nd7 12. Be3 Qa5 13. Qd2 gxf4 14. Nxf4 Nce5 15.
Nh5 Be7 16. Bxh6 Nc4 17. Qf2 Nde5 18. Bf4 Bd7 19. Bxe5 Nxe5 20. O-O-O Rc8 21.
Nf6+ Bxf6 22. Qxf6 Rxc3 23. bxc3 Qxc3 24. Kb1 Qb4+ 25. Ka1 Bb5 26. Rf2 Qc3+ 27.
Kb1 Bc4 28. Bf1 b5 29. Qf4 Ke7 30. Qd2 Qxd2 31. Rfxd2 Bxf1 32. Rxf1 Rh8 33.
Rfd1 Rxh3 34. Rxd6 a5 35. Ra6 a4 36. g5 Rg3 37. Rb6 Nc4 38. Rb7+ Kf8 39. Kc1
Rxg5 40. Rf1 Ne5 41. Kd2 Kg7 42. Kc3 Rg3+ 43. Kd4 Rg5 44. Kc3 Rg3+ 45. Kd4 Rg5
46. Kc5 Rg4 47. Kxb5 Rxe4 48. Rc7 a3 49. Rg1+ Kh6 50. Rc3 Ng4 51. Rxa3 Re5+ 52.
Kb6 Ne3 53. Ra4 Rh5 54. c4 Rh4 55. Ra8 Kh7 56. c5 Rb4+ 57. Kc7 e5 58. c6 e4 59.
Ra3 Nd5+ 60. Kd6 Nf4 61. c7 Rc4 62. Ra8 1-0

[Event "M.Botvinnik Memorial 2012"]
[Site "St. Petersburg, Russia"]
[Date "2012.08.28"]
[Round "4.11"]
[White "Levin, Evgeny A"]
[Black "Khairullin, Ildar"]
[Result "1/2-1/2"]
[WhiteElo "2512"]
[BlackElo "2633"]
[PlyCount "42"]
[EventDate "2012.08.25"]

1. d4 d5 2. c4 c6 3. Nf3 Nf6 4. e3 a6 5. Nc3 Bf5 6. Bd3 Bxd3 7. Qxd3 e6 8. O-O
Bb4 9. Bd2 O-O 10. Nxd5 Nxd5 11. cxd5 Bxd2 12. Nxd2 exd5 13. b4 Qd6 14. a4 Nd7
15. Qc3 Rfe8 16. Rfb1 Rac8 17. Rc1 Nb6 18. Qb3 Ra8 19. Qc3 Rac8 20. Qb3 Ra8 21.
Qc3 Rac8 1/2-1/2

[Event "M.Botvinnik Memorial 2012"]
[Site "St. Petersburg, Russia"]
[Date "2012.08.28"]
[Round "4.12"]
[White "Hovhannisyan, Robert"]
[Black "Kabanov, Nikolai"]
[Result "1-0"]
[WhiteElo "2612"]
[BlackElo "2501"]
[PlyCount "83"]
[EventDate "2012.08.25"]

1. e4 c5 2. Nf3 Nc6 3. Nc3 e6 4. d4 cxd4 5. Nxd4 Nf6 6. Ndb5 Bc5 7. Nd6+ Ke7 8.
Bf4 e5 9. Nf5+ Kf8 10. Bg5 d6 11. Bxf6 Qxf6 12. Nd5 Qd8 13. c3 Bxf5 14. exf5
Ne7 15. Nxe7 Qxe7 16. Qd5 g6 17. Bd3 e4 18. Bc4 Qf6 19. O-O-O gxf5 20. f3 e3
21. g4 Re8 22. g5 Qe6 23. Qd3 Qg6 24. Qe2 Qxg5 25. b4 Bb6 26. Rxd6 Rd8 27.
Rxd8+ Qxd8 28. Rd1 Qf6 29. Kc2 Ke7 30. a4 f4 31. a5 Bc7 32. Bd5 b6 33. Qa6 bxa5
34. Qc4 Qe5 35. Rd4 f5 36. Bg8 Bd6 37. Rd5 Qf6 38. Rxa5 Kf8 39. Rxa7 Be7 40.
Bd5 Qe5 41. Qc8+ Kg7 42. Qd7 1-0

[Event "M.Botvinnik Memorial 2012"]
[Site "St. Petersburg, Russia"]
[Date "2012.08.28"]
[Round "4.13"]
[White "Neverov, Valeriy"]
[Black "Demchenko, Anton"]
[Result "0-1"]
[WhiteElo "2502"]
[BlackElo "2603"]
[PlyCount "90"]
[EventDate "2012.08.25"]

1. d4 Nf6 2. c4 g6 3. Nf3 Bg7 4. g3 O-O 5. Bg2 d6 6. O-O Nbd7 7. Qc2 e5 8. Rd1
Qe7 9. Nc3 c6 10. e4 exd4 11. Nxd4 Ne5 12. Qe2 Re8 13. h3 a6 14. Bf4 Rb8 15.
Rac1 Bd7 16. a4 Rbd8 17. b3 Bc8 18. Qc2 a5 19. Rd2 Nfd7 20. Rcd1 Nc5 21. Be3
Ned7 22. Nde2 Nb8 23. Bd4 Nba6 24. Bxg7 Kxg7 25. Nd4 Nb4 26. Qb1 Kg8 27. Kh2 h5
28. h4 g5 29. hxg5 Qxg5 30. Nf3 Qg7 31. Rc1 Qh6 32. Rcd1 Bg4 33. Nh4 Bxd1 34.
Rxd1 Qf6 35. Qc1 Nbd3 36. Qd2 Nxf2 37. Rf1 Ng4+ 38. Kh1 Qh6 39. Rf4 Qg5 40. Nf3
Qg7 41. Rf5 f6 42. Rxh5 Kf7 43. Kg1 Rh8 44. Rf5 Qh6 45. Rf4 Ne5 0-1

[Event "M.Botvinnik Memorial 2012"]
[Site "St. Petersburg, Russia"]
[Date "2012.08.28"]
[Round "4.14"]
[White "Andriasian, Zaven"]
[Black "Fedoseev, Vladimir"]
[Result "1/2-1/2"]
[WhiteElo "2600"]
[BlackElo "2498"]
[PlyCount "80"]
[EventDate "2012.08.25"]

1. e4 c5 2. Nf3 d6 3. d4 cxd4 4. Nxd4 Nf6 5. Nc3 a6 6. h3 e6 7. g4 d5 8. Nde2
Nxe4 9. Nxe4 dxe4 10. Qxd8+ Kxd8 11. Be3 Bb4+ 12. c3 Bd6 13. O-O-O Kc7 14. Bg2
Bd7 15. Rd2 Be5 16. Rhd1 Ba4 17. b3 Bc6 18. Nd4 Bxd4 19. Rxd4 e5 20. Rd6 b5 21.
g5 a5 22. h4 Ra6 23. Bf1 a4 24. Kb2 axb3 25. axb3 Nd7 26. Bh3 Nb6 27. Bg2 Nc8
28. R6d2 Ne7 29. Bxe4 Rha8 30. Bb1 Ra1 31. Bc5 Nf5 32. c4 Nxh4 33. cxb5 Bxb5
34. Rc1 Bc6 35. Bd6+ Kb7 36. Bxe5 Rxb1+ 37. Rxb1 Nf3 38. Bc3 Nxd2 39. Bxd2 Rd8
40. Be3 Rd3 1/2-1/2

[Event "M.Botvinnik Memorial 2012"]
[Site "St. Petersburg, Russia"]
[Date "2012.08.28"]
[Round "4.15"]
[White "Gavrilov, Alexei"]
[Black "Ponkratov, Pavel"]
[Result "0-1"]
[WhiteElo "2496"]
[BlackElo "2598"]
[PlyCount "158"]
[EventDate "2012.08.25"]

1. e4 e6 2. d4 d5 3. Nd2 c5 4. exd5 Qxd5 5. dxc5 Bxc5 6. Ngf3 Nf6 7. Bc4 Qd7 8.
Qe2 Nc6 9. O-O O-O 10. Ne4 Be7 11. Rd1 Qc7 12. Bg5 Nh5 13. Bxe7 Nf4 14. Qd2
Nxe7 15. b3 Ned5 16. Nd4 Qe5 17. Ng3 Nb6 18. Bf1 Bd7 19. c4 Rad8 20. Nf3 Qc7
21. Qe3 f6 22. Ne2 Nxe2+ 23. Bxe2 e5 24. Rd2 Be6 25. Rad1 Nc8 26. Nd4 Bd7 27.
Nc2 Be6 28. f4 Rxd2 29. Rxd2 Re8 30. fxe5 Bf5 31. Qd4 fxe5 32. Qd5+ Be6 33. Qb5
Rf8 34. Ne3 Ne7 35. Bg4 Bxg4 36. Nxg4 Nc6 37. Qc5 h5 38. Nf2 Qf7 39. Qd5 Nd4
40. Qxf7+ Rxf7 41. Ne4 Rf4 42. Nc5 Rf7 43. Rf2 Rc7 44. Ne4 a5 45. Nc3 Rc6 46.
Kf1 g6 47. Ke1 Kg7 48. Kd2 Nf5 49. Ne4 Kf7 50. Kd3 Ke6 51. g3 Rc8 52. h3 Rd8+
53. Kc3 Ke7 54. Rd2 Nd4 55. Rf2 h4 56. gxh4 Rh8 57. Ng5 Nf5 58. Nf3 Kf6 59. Re2
Re8 60. c5 e4 61. Nh2 Ke5 62. Ng4+ Kf4 63. a3 e3 64. b4 Kf3 65. Re1 e2 66. b5
Nxh4 67. c6 bxc6 68. bxc6 Ng2 69. Rxe2 Kxe2 70. Kd4 Ne3 71. Nf6 Re6 72. c7 Rc6
73. Ne8 g5 74. a4 Kf3 75. Ke5 Ke2 76. Kd4 Nf5+ 77. Ke4 Ne7 78. Ke5 Kf3 79. Kd4
Kg3 0-1

[Event "M.Botvinnik Memorial 2012"]
[Site "St. Petersburg, Russia"]
[Date "2012.08.28"]
[Round "4.16"]
[White "Predke, Alexandr"]
[Black "Romanov, Evgeny"]
[Result "0-1"]
[WhiteElo "2483"]
[BlackElo "2595"]
[PlyCount "82"]
[EventDate "2012.08.25"]

1. Nf3 d5 2. g3 c6 3. Bg2 Bg4 4. O-O Nd7 5. d3 e6 6. c4 Bxf3 7. exf3 g6 8. Nc3
Bg7 9. cxd5 cxd5 10. Bf4 a6 11. Rc1 Ne7 12. Bd6 Nf5 13. Ba3 Bf8 14. b4 Be7 15.
Na4 O-O 16. Nc5 b6 17. Nxd7 Qxd7 18. Bh3 Nd4 19. Bb2 Bf6 20. Kg2 Bg7 21. Qd2
Rfc8 22. Rxc8+ Rxc8 23. Rc1 Rxc1 24. Qxc1 Nb5 25. a4 Bxb2 26. Qxb2 Na7 27. Qd4
Qxa4 28. Qxb6 Nc6 29. f4 Qb5 30. Qc7 h5 31. Kg1 Nxb4 32. Qd8+ Kg7 33. Bxe6 Qxd3
34. h4 Qb1+ 35. Kh2 Qe1 36. f5 Qxf2+ 37. Kh1 Qf1+ 38. Kh2 Qf2+ 39. Kh1 Nd3 40.
Qe7 Qf1+ 41. Kh2 Ne5 0-1

[Event "M.Botvinnik Memorial 2012"]
[Site "St. Petersburg, Russia"]
[Date "2012.08.28"]
[Round "4.17"]
[White "Fedorov, Alexei"]
[Black "Kharchenko, Boris"]
[Result "1/2-1/2"]
[WhiteElo "2579"]
[BlackElo "2476"]
[PlyCount "183"]
[EventDate "2012.08.25"]

1. e4 e5 2. Nf3 Nc6 3. Bb5 a6 4. Ba4 Nf6 5. O-O Be7 6. Re1 b5 7. Bb3 d6 8. c3
O-O 9. d4 Bg4 10. d5 Na5 11. Bc2 c6 12. h3 Bc8 13. dxc6 Qc7 14. Nbd2 Qxc6 15.
Nf1 Rd8 16. Ng3 g6 17. Qd2 Kh8 18. b3 Qc7 19. Bb2 Nc6 20. Bd3 Bb7 21. c4 b4 22.
Nf1 Bf8 23. Ne3 Bh6 24. Qc2 Bxe3 25. Rxe3 Nd7 26. Rd1 Nc5 27. Qd2 a5 28. Bb1
Qe7 29. Re2 f6 30. Qe3 Kg8 31. Red2 Ne6 32. h4 Rd7 33. h5 Rad8 34. g3 Qf7 35.
Bd3 g5 36. Be2 Nc5 37. Nh2 Qf8 38. Bg4 Rc7 39. a4 Kh8 40. f3 Ba6 41. Bf5 Ne7
42. Bh3 Nc6 43. Nf1 Bb7 44. Ba1 Ba8 45. Rb1 Ne7 46. Qe1 Ng8 47. Ne3 Nh6 48. Qd1
Ra7 49. Rbb2 Bc6 50. Rh2 Be8 51. Bf5 Bf7 52. Rbd2 Nxf5 53. Nxf5 Be6 54. Ne3 h6
55. g4 Kh7 56. Bb2 Rc7 57. Qc2 Rc6 58. Rd1 Kh8 59. Bc1 Nb7 60. Qb1 Rdc8 61. Bd2
Nc5 62. Be1 Nb7 63. Rhd2 Ra6 64. Bf2 Kg8 65. Nd5 Qd8 66. Rd3 Kf7 67. R1d2 Rcc6
68. Kg2 Qf8 69. Qg1 Qd8 70. Rd1 Qb8 71. R3d2 Qc8 72. Kg3 Qf8 73. Qf1 Qb8 74.
Qd3 Qc8 75. Qb1 Qb8 76. Ne3 Qf8 77. Nf5 Kg8 78. Rd5 Bxd5 79. exd5 Rc7 80. Kg2
Ra8 81. Ng3 Qf7 82. Qf5 Kg7 83. Ne4 Rd7 84. Nxf6 Rc7 85. Ne4 Qxf5 86. gxf5 Rf7
87. Kg3 Rc8 88. Kh3 Kf8 89. Kg4 Ke7 90. Rc1 Kd7 91. Be3 Rcf8 92. Bf2 1/2-1/2

[Event "M.Botvinnik Memorial 2012"]
[Site "St. Petersburg, Russia"]
[Date "2012.08.28"]
[Round "4.18"]
[White "Yemelin, Vasily"]
[Black "Matsenko, Sergei"]
[Result "1-0"]
[WhiteElo "2579"]
[BlackElo "2468"]
[PlyCount "53"]
[EventDate "2012.08.25"]

1. e4 c5 2. Nf3 Nc6 3. Bb5 e6 4. O-O Nge7 5. c3 a6 6. Ba4 b5 7. Bc2 Bb7 8. Re1
Rc8 9. a4 b4 10. d4 bxc3 11. d5 cxb2 12. Bxb2 Nb4 13. Na3 c4 14. Rb1 Ng6 15.
Bc3 Na2 16. Rxb7 Nxc3 17. Qd4 Bxa3 18. Qxc3 Be7 19. Qxg7 Rc7 20. dxe6 dxe6 21.
Rxc7 Qxc7 22. a5 Bb4 23. Rd1 Ke7 24. e5 Rb8 25. Bxg6 hxg6 26. Ng5 Rf8 27. Nxe6
1-0

[Event "M.Botvinnik Memorial 2012"]
[Site "St. Petersburg, Russia"]
[Date "2012.08.28"]
[Round "4.19"]
[White "Lavrov, Maxim"]
[Black "Epishin, Vladimir"]
[Result "1-0"]
[WhiteElo "2372"]
[BlackElo "2576"]
[PlyCount "71"]
[EventDate "2012.08.25"]

1. e4 c6 2. d4 d5 3. e5 Bf5 4. Nf3 e6 5. Be2 Nd7 6. O-O Bg6 7. c4 Ne7 8. Bg5
dxc4 9. Bxc4 Nb6 10. Be2 h6 11. Be3 Ned5 12. Nc3 Be7 13. Qd2 O-O 14. Rfd1 Nxe3
15. fxe3 c5 16. Qe1 cxd4 17. Nxd4 Nd5 18. Nxd5 exd5 19. Bf3 Re8 20. Nb3 Qb6 21.
Rxd5 Rad8 22. Rad1 Bg5 23. Rxd8 Rxd8 24. Rxd8+ Qxd8 25. Qc3 b5 26. Kf2 Qb8 27.
Qc5 a6 28. Nd4 Kh7 29. g3 Bd8 30. Nc6 Qb6 31. Qxb6 Bxb6 32. Nd4 b4 33. Bd5 a5
34. Nf3 Bc7 35. e6 f5 36. e7 1-0

[Event "M.Botvinnik Memorial 2012"]
[Site "St. Petersburg, Russia"]
[Date "2012.08.28"]
[Round "4.20"]
[White "Khismatullin, Denis"]
[Black "Chekhov, Sergei"]
[Result "1-0"]
[WhiteElo "2636"]
[BlackElo "2444"]
[PlyCount "59"]
[EventDate "2012.08.25"]

1. d4 Nf6 2. c4 e6 3. Nc3 Bb4 4. Nf3 c5 5. g3 cxd4 6. Nxd4 a6 7. Bg2 Qc7 8. O-O
Qxc4 9. Na4 Qc7 10. Qb3 Ba5 11. Qa3 Qe5 12. Bf4 Qxd4 13. Rfd1 Qb4 14. Qxb4 Bxb4
15. Nb6 d5 16. Nxa8 Nc6 17. Nb6 Ke7 18. Rac1 h6 19. a3 Ba5 20. Be3 Bd7 21. Bc5+
Kd8 22. e4 Bxb6 23. Bxb6+ Kc8 24. exd5 Nxd5 25. Bxd5 exd5 26. Rxd5 Re8 27. Rd2
h5 28. f3 g6 29. a4 Re5 30. b4 1-0

[Event "M.Botvinnik Memorial 2012"]
[Site "St. Petersburg, Russia"]
[Date "2012.08.28"]
[Round "4.21"]
[White "Maletin, Pavel"]
[Black "Pasiev, Rakhim"]
[Result "1/2-1/2"]
[WhiteElo "2587"]
[BlackElo "2325"]
[PlyCount "96"]
[EventDate "2012.08.25"]

1. Nf3 Nc6 2. d4 d5 3. g3 Bg4 4. Bg2 Qd7 5. c4 e6 6. cxd5 exd5 7. Nc3 O-O-O 8.
Qa4 Kb8 9. O-O Bh3 10. Bxh3 Qxh3 11. b4 f6 12. b5 Nce7 13. b6 axb6 14. Nb5 Nc8
15. Bf4 Bd6 16. Bxd6 Nxd6 17. Qa7+ Kc8 18. Nxd6+ Rxd6 19. Qa8+ Kd7 20. Qf8 Qh6
21. Rfc1 Rc6 22. Rxc6 bxc6 23. a4 g5 24. Qa8 Qg7 25. a5 Ne7 26. Qb7 bxa5 27.
Rxa5 Qf8 28. Qb2 Qb8 29. Qc2 Qb4 30. Ra4 Qb5 31. Ra1 h5 32. h4 g4 33. Ne1 Qc4
34. Qd2 Nf5 35. e3 Nd6 36. Rc1 Ne4 37. Qd1 Nc3 38. Rxc3 Qxc3 39. Qb1 Rf8 40.
Qf5+ Ke7 41. Ng2 Qc1+ 42. Kh2 Qd2 43. Qh7+ Rf7 44. Qf5 Qe2 45. Kg1 Qd1+ 46. Kh2
Qe2 47. Kg1 Qd1+ 48. Kh2 Qe2 1/2-1/2

[Event "M.Botvinnik Memorial 2012"]
[Site "St. Petersburg, Russia"]
[Date "2012.08.28"]
[Round "4.22"]
[White "Zenzera, Alexey"]
[Black "Kovalenko, Igor"]
[Result "0-1"]
[WhiteElo "2331"]
[BlackElo "2586"]
[PlyCount "88"]
[EventDate "2012.08.25"]

1. d4 Nf6 2. c4 e6 3. Nf3 b6 4. g3 Ba6 5. b3 d5 6. Bg2 c6 7. O-O Nbd7 8. Nbd2
Be7 9. Qc2 O-O 10. Rd1 c5 11. e4 dxc4 12. bxc4 cxd4 13. e5 Ng4 14. Bb2 Qc7 15.
Bxd4 Rad8 16. Qe4 Nh6 17. Rac1 Nf5 18. Nb3 Bb7 19. Qe2 Bxf3 20. Qxf3 Bg5 21.
Rc2 Nxd4 22. Nxd4 Nxe5 23. Qh5 Bf6 24. Nb5 Qe7 25. h3 a6 26. Nd4 Qb4 27. Nc6
Qa4 28. Rxd8 Rxd8 29. Nxe5 Qxc2 30. Qxf7+ Kh8 31. Nc6 Rg8 32. Qxe6 Qxa2 33. Be4
Rf8 34. Qf5 g6 35. Qd5 Bg7 36. Bf3 Qb1+ 37. Kg2 Qf5 38. Qd1 a5 39. Ne7 Qc5 40.
Nd5 Qxc4 41. h4 Qd4 42. Qe2 Qe5 43. Qd1 a4 44. Nxb6 a3 0-1

[Event "M.Botvinnik Memorial 2012"]
[Site "St. Petersburg, Russia"]
[Date "2012.08.28"]
[Round "4.23"]
[White "Khatoev, Eduard"]
[Black "Grigoryan, Avetik"]
[Result "0-1"]
[WhiteElo "2322"]
[BlackElo "2579"]
[PlyCount "56"]
[EventDate "2012.08.25"]

1. d4 d5 2. Nf3 c6 3. c4 e6 4. Nc3 Nf6 5. Bg5 h6 6. Bxf6 Qxf6 7. e3 Nd7 8. Bd3
dxc4 9. Bxc4 g6 10. O-O Qe7 11. e4 Bg7 12. e5 O-O 13. Qe2 Rd8 14. Rfe1 b5 15.
Bd3 Rb8 16. Rac1 c5 17. Nxb5 Bb7 18. Nxa7 Ra8 19. Nb5 cxd4 20. Nfxd4 Nxe5 21.
Be4 Bxe4 22. Qxe4 Rxa2 23. f4 Ng4 24. h3 Bxd4+ 25. Nxd4 Qa7 26. Red1 Ra4 27. b4
Rxb4 28. Ra1 Rbxd4 0-1

[Event "M.Botvinnik Memorial 2012"]
[Site "St. Petersburg, Russia"]
[Date "2012.08.28"]
[Round "4.24"]
[White "Barhudarian, Rafael"]
[Black "Pridorozhni, Aleksei"]
[Result "0-1"]
[WhiteElo "2320"]
[BlackElo "2533"]
[PlyCount "120"]
[EventDate "2012.08.25"]

1. d4 Nf6 2. Nc3 d5 3. Bg5 Bf5 4. e3 Nbd7 5. Bd3 Bg6 6. Nf3 e6 7. O-O Be7 8. a3
O-O 9. Bxg6 hxg6 10. Re1 c5 11. h4 Rc8 12. e4 dxe4 13. Nxe4 cxd4 14. Nxd4 Qb6
15. Nxf6+ Nxf6 16. Nb3 Rfd8 17. Qe2 Nd5 18. Bxe7 Nxe7 19. Rad1 Rxd1 20. Rxd1
Nf5 21. Qe4 Nd6 22. Qd4 Qxd4 23. Nxd4 Nc4 24. b3 Nb6 25. c4 a5 26. Nf3 Kf8 27.
Rd6 Rc6 28. Rxc6 bxc6 29. c5 Nd7 30. b4 axb4 31. axb4 e5 32. Kf1 Ke7 33. Ke2 f6
34. Kd3 Nf8 35. Kc4 Kd7 36. g3 Ne6 37. Nd2 Nd4 38. Ne4 Nf5 39. Nc3 Nd4 40. Ne4
Nf5 41. Nc3 Nd4 42. b5 cxb5+ 43. Nxb5 Nc6 44. Nd6 Nd4 45. Kd5 Nc6 46. Nc8 Nb4+
47. Kc4 Nc6 48. Nb6+ Ke6 49. Kb5 Nd4+ 50. Ka6 Kf5 51. Kb7 Ke4 52. c6 Kf3 53.
Nc4 Nxc6 54. Kxc6 Kxf2 55. Kd5 Kxg3 56. Ke4 Kxh4 57. Nd6 Kh3 58. Ne8 g5 59.
Nxg7 g4 60. Nf5 g3 0-1

[Event "M.Botvinnik Memorial 2012"]
[Site "St. Petersburg, Russia"]
[Date "2012.08.28"]
[Round "4.25"]
[White "Belozerov, Andrei"]
[Black "Shushpanov, Vladimir"]
[Result "1-0"]
[WhiteElo "2504"]
[BlackElo "2318"]
[PlyCount "89"]
[EventDate "2012.08.25"]

1. Nf3 g6 2. e4 Bg7 3. d4 c5 4. c4 Qa5+ 5. Nc3 Nc6 6. d5 Nd4 7. Bd2 Nxf3+ 8.
Qxf3 d6 9. h3 Nf6 10. Bd3 O-O 11. O-O a6 12. a3 Rb8 13. Rfd1 Qc7 14. Bg5 b5 15.
cxb5 c4 16. Bf1 axb5 17. Rac1 Nd7 18. b3 Ba6 19. b4 Rfe8 20. Qg3 Bc8 21. Be3
Qb7 22. Bd4 Bxd4 23. Rxd4 Qa7 24. Rd2 Ne5 25. Ra1 f5 26. Kh2 fxe4 27. Nxe4 Bf5
28. Re1 Ra8 29. f4 Nd7 30. Nc3 Qb7 31. Qe3 Rxa3 32. g4 Bd3 33. Nb1 Rb3 34. Bxd3
cxd3 35. Rxd3 Rxb4 36. Nc3 Nc5 37. Rd2 Rc4 38. f5 b4 39. Ne2 Ne4 40. fxg6 Nxd2
41. Qe6+ Kh8 42. Qf7 hxg6 43. Qxe8+ Kg7 44. Nd4 Qxd5 45. Ne6+ 1-0

[Event "M.Botvinnik Memorial 2012"]
[Site "St. Petersburg, Russia"]
[Date "2012.08.28"]
[Round "4.26"]
[White "Bazeev, German"]
[Black "Rogozenco, Dorian"]
[Result "1/2-1/2"]
[WhiteElo "2308"]
[BlackElo "2504"]
[PlyCount "95"]
[EventDate "2012.08.25"]

1. d4 d6 2. c4 e5 3. Nf3 e4 4. Ng5 f5 5. h4 Nf6 6. Nc3 Be7 7. Nh3 O-O 8. Bg5 c5
9. dxc5 dxc5 10. Qb3 Nc6 11. e3 Be6 12. Nf4 Bf7 13. Rd1 Qa5 14. Bxf6 Bxf6 15.
Nfd5 Bxd5 16. cxd5 Ne5 17. d6+ Kh8 18. Be2 Rac8 19. Rd5 a6 20. O-O b5 21. d7
Rc6 22. Qd1 Qd8 23. f3 exf3 24. Bxf3 Rc7 25. Be2 g6 26. e4 Rxd7 27. exf5 Rxd5
28. Qxd5 Qxd5 29. Nxd5 Bxh4 30. fxg6 Rd8 31. Rd1 hxg6 32. Nc7 Rxd1+ 33. Bxd1
Nc4 34. Nxa6 Nxb2 35. Bc2 Be7 36. Nc7 b4 37. Nd5 Bg5 38. Bxg6 Kg7 39. Bf5 Nc4
40. Kf1 Nd6 41. g4 Bh4 42. Ke2 Kh6 43. Kd3 Kg5 44. Kc2 Nxf5 45. gxf5 Kxf5 46.
Kb3 Ke5 47. Nxb4 cxb4 48. Kxb4 1/2-1/2

[Event "M.Botvinnik Memorial 2012"]
[Site "St. Petersburg, Russia"]
[Date "2012.08.28"]
[Round "4.27"]
[White "Rozum, Ivan"]
[Black "Khakimov, Timur"]
[Result "1-0"]
[WhiteElo "2500"]
[BlackElo "2298"]
[PlyCount "79"]
[EventDate "2012.08.25"]

1. d4 c6 2. c4 d5 3. Nf3 Nf6 4. e3 e6 5. b3 Nbd7 6. Bb2 Bd6 7. Bd3 b6 8. Nbd2
O-O 9. O-O Bb7 10. Ne5 c5 11. f4 cxd4 12. exd4 Ne4 13. cxd5 exd5 14. Nxe4 dxe4
15. Bc4 Nf6 16. Qe2 Qe7 17. a4 Bb4 18. f5 Rad8 19. Qe3 Nd5 20. Bxd5 Rxd5 21. f6
Qxe5 22. dxe5 Bc5 23. Qxc5 bxc5 24. fxg7 Rfd8 25. e6 fxe6 26. Bf6 R8d7 27. Rae1
Ba6 28. Rf4 Rf5 29. Rxf5 exf5 30. g4 fxg4 31. Be5 Bd3 32. Kf2 Re7 33. Ba1 Rf7+
34. Kg3 h5 35. Kh4 Rf5 36. a5 Rf2 37. Kxh5 Be2 38. Kg5 Rxh2 39. Be5 Rf2 40. Rh1
1-0

[Event "M.Botvinnik Memorial 2012"]
[Site "St. Petersburg, Russia"]
[Date "2012.08.28"]
[Round "4.28"]
[White "Myshkin, Nikita"]
[Black "Cherniaev, Alexander"]
[Result "1/2-1/2"]
[WhiteElo "2299"]
[BlackElo "2486"]
[PlyCount "91"]
[EventDate "2012.08.25"]

1. d4 g6 2. c4 Bg7 3. Nf3 d6 4. Nc3 Nd7 5. e4 e5 6. Be2 Ngf6 7. Be3 O-O 8. O-O
Re8 9. d5 Nh5 10. g3 Bf8 11. Ne1 Ng7 12. Nd3 c5 13. a3 f5 14. f3 Nf6 15. b4 b6
16. Rb1 fxe4 17. fxe4 Be7 18. Nf2 h5 19. Kg2 Rf8 20. Qd2 Nh7 21. Nh3 Rxf1 22.
Rxf1 Ne8 23. Qc1 Bd7 24. Rf2 Rc8 25. b5 Rc7 26. a4 Bc8 27. Qd2 a6 28. Qc1 Ra7
29. Qd2 Bf6 30. Rf1 Be7 31. Bd1 Bf6 32. Be2 Rf7 33. Qc1 Bd7 34. Ng1 Qc8 35. Qd2
Kh8 36. Qd1 Rg7 37. Bh6 Rg8 38. Be3 Rg7 39. Bh6 Re7 40. Be3 Bg7 41. h3 Nef6 42.
Qd2 Kg8 43. Bd1 Rf7 44. Rf2 Bf8 45. Be2 Be7 46. Bd1 1/2-1/2

[Event "M.Botvinnik Memorial 2012"]
[Site "St. Petersburg, Russia"]
[Date "2012.08.28"]
[Round "4.29"]
[White "Lamorelle, Julien"]
[Black "Kalegin, Evgenij"]
[Result "0-1"]
[WhiteElo "2290"]
[BlackElo "2480"]
[PlyCount "120"]
[EventDate "2012.08.25"]

1. e4 c5 2. Nf3 e6 3. d4 cxd4 4. Nxd4 Nc6 5. Nc3 Qc7 6. f4 d6 7. f5 a6 8. fxe6
fxe6 9. Bc4 Nxd4 10. Qxd4 Nf6 11. Bg5 Be7 12. O-O-O O-O 13. Bb3 Kh8 14. Rhf1 b5
15. Kb1 Rb8 16. Bxf6 gxf6 17. Qd3 Qc6 18. Ne2 Bb7 19. Rf4 e5 20. Bd5 Qc5 21.
Rf3 Bxd5 22. Qxd5 Qxd5 23. Rxd5 Rg8 24. Ng3 Rbc8 25. b3 Rc6 26. Nf5 Bf8 27. g3
Rg4 28. Re3 Kg8 29. h3 Rg5 30. g4 h5 31. gxh5 Rxh5 32. Red3 Kf7 33. Kb2 Rh8 34.
h4 Ke6 35. Rg3 Kf7 36. c3 Ke6 37. Kc2 Kf7 38. Kd3 Ke6 39. Rg2 Kf7 40. a4 bxa4
41. bxa4 Rb6 42. a5 Rb1 43. Rg4 Ke6 44. Kc2 Re1 45. c4 Rxe4 46. Rxe4 Kxf5 47.
Kd3 Ke6 48. Rg4 f5 49. Rg6+ Kf7 50. Rg1 Rxh4 51. Rb1 Rh2 52. Rb6 Ke6 53. Rxa6
e4+ 54. Kc3 Bg7+ 55. Kb3 Be5 56. Ra8 e3 57. Re8+ Kf6 58. Rd1 f4 59. a6 Rb2+ 60.
Ka3 Rb6 0-1

[Event "M.Botvinnik Memorial 2012"]
[Site "St. Petersburg, Russia"]
[Date "2012.08.28"]
[Round "4.30"]
[White "Martynov, Pavel"]
[Black "Kopylov, Alexander A"]
[Result "1/2-1/2"]
[WhiteElo "2289"]
[BlackElo "2449"]
[PlyCount "68"]
[EventDate "2012.08.25"]

1. e4 c5 2. Nf3 d6 3. d4 cxd4 4. Qxd4 Bd7 5. Bg5 h6 6. Be3 e5 7. Qd2 Nf6 8. Nc3
Be7 9. Bc4 Qc8 10. Bb3 Na6 11. a3 Nc5 12. Bxc5 Qxc5 13. O-O O-O 14. Ne1 a5 15.
a4 Kh8 16. g3 Nh7 17. Nd5 Bd8 18. h4 g5 19. Ng2 gxh4 20. gxh4 Rg8 21. Kh2 Rg6
22. f4 exf4 23. Rxf4 Be6 24. Raf1 Rc8 25. R1f3 Bxd5 26. Rc3 Bxb3 27. Rxc5 dxc5
28. cxb3 Bc7 29. Qd7 Rcg8 30. Qxc7 Rxg2+ 31. Kh1 Rg1+ 32. Kh2 R1g2+ 33. Kh1
Rg1+ 34. Kh2 R1g2+ 1/2-1/2